000 00523nam a2200145Ia 4500
008 100204s9999 xx 000 0 und d
082 _b5351
100 _aगोवंडे श्रीकांत
245 _aश्री स्कंदमहापुराण
260 _b"सारथी प्रकाशन , पुणे"
_c1981
300 _a566
630 _aश्री स्कंदमहापुराण
730 _aश्री स्कंदमहापुराण
942 _cBOOK
999 _c449952
_d449949